Online Catalogue and eLibrary

Better ways to prepare for emergencies (Record no. 1346)

MARC details
000 -LEADER
fixed length control field 00382nam a2200157Ia 4500
005 - DATE AND TIME OF LATEST TRANSACTION
control field 20240906064442.0
008 - FIXED-LENGTH DATA ELEMENTS--GENERAL INFORMATION
fixed length control field 240331s9999 xx 000 0 und d
082 ## - DDC Classification
Item Number - Author Mark WAL
Class No. 658
100 ## - MAIN ENTRY--PERSONAL NAME
Personal name Walker, B
245 #0 - TITLE STATEMENT
Title Better ways to prepare for emergencies
260 ## - PUBLICATION, DISTRIBUTION, ETC.
Place of publication, distribution, etc. Colombo
Name of publisher, distributor, etc. RedR-IHE Sri Lanka
Date of publication, distribution, etc. 2006
300 ## - PHYSICAL DESCRIPTION
Extent (e.g. Volumes, Pages etc.) 65 p .,
650 ## - SUBJECT ADDED ENTRY--TOPICAL TERM
Topical term or geographic name entry element Poverty
650 ## - SUBJECT ADDED ENTRY--TOPICAL TERM
Topical term or geographic name entry element Sickness
942 ## - Koha item type (Biblio)
Koha item type Books in Stacks (Lending)
Holdings
Lost status Damaged status Collection code Home library Current library Shelving location Date acquired Full call number Accession Number Item type
    Lending WERC Library WERC Library Social Science Cupboard 03/31/2024 658 WAL 5512 Books in Stacks (Lending)

© WERC Library